000
00312nam a22001337a 4500
008
181105b xxu||||| |||| 00| 0 eng d
020
_a
0878572708
041
_a
eng
080
_a
612.39
100
_a
10
101
_a
NUT
245
_a
Dr. Wright's Books of Nutritional Therapy
_c
Wright, J.V
942
_2
udc
_c
BK
999
_c
51864
_d
51864